Independence of judiciary and judicial crisis (Record no. 7668)
[ view plain ]
| 000 -LEADER | |
|---|---|
| fixed length control field | 01203nam a22003497a 4500 |
| 001 - CONTROL NUMBER | |
| control field | 17109866 |
| 003 - CONTROL NUMBER IDENTIFIER | |
| control field | TZ-ArACH |
| 005 - DATE AND TIME OF LATEST TRANSACTION | |
| control field | 20251111163134.0 |
| 008 - FIXED-LENGTH DATA ELEMENTS--GENERAL INFORMATION | |
| fixed length control field | 120109s2012 pk b 000 0 eng |
| 010 ## - LIBRARY OF CONGRESS CONTROL NUMBER | |
| LC control number | 2011329076 |
| 020 ## - INTERNATIONAL STANDARD BOOK NUMBER | |
| International Standard Book Number | 9798837729515 |
| 025 ## - OVERSEAS ACQUISITION NUMBER | |
| Overseas acquisition number | P-E-2011329076; 47 |
| 035 ## - SYSTEM CONTROL NUMBER | |
| System control number | 17109866 |
| 037 ## - SOURCE OF ACQUISITION | |
| Source of stock number/acquisition | Library of Congress -- Islamabad Overseas Office |
| Terms of availability | Rs 1200 |
| 040 ## - CATALOGING SOURCE | |
| Original cataloging agency | DLC |
| Transcribing agency | TZ-ArACH |
| Modifying agency | DLC |
| 042 ## - AUTHENTICATION CODE | |
| Authentication code | lcode |
| -- | pcc |
| 043 ## - GEOGRAPHIC AREA CODE | |
| Geographic area code | a-pk--- |
| 050 00 - LIBRARY OF CONGRESS CALL NUMBER | |
| Classification number | KPL3498 |
| Item number | .H373 2012 |
| 100 1# - MAIN ENTRY--PERSONAL NAME | |
| Personal name | Hasan, Abrar |
| Titles and other words associated with a name | (Advocate) |
| 245 10 - TITLE STATEMENT | |
| Title | Independence of judiciary and judicial crisis |
| Statement of responsibility, etc | Abrar Hasan. |
| 260 ## - PUBLICATION, DISTRIBUTION, ETC. (IMPRINT) | |
| Place of publication, distribution, etc | Karachi: |
| Name of publisher, distributor, etc | Sindh Balochistan Law Reports; |
| Date of publication, distribution, etc | 2012. |
| 300 ## - PHYSICAL DESCRIPTION | |
| Extent | i, 327 p.: |
| Dimensions | 25 cm. |
| 504 ## - BIBLIOGRAPHY, ETC. NOTE | |
| Bibliography, etc | Includes bibliographical references. |
| 650 #0 - SUBJECT ADDED ENTRY--TOPICAL TERM | |
| Topical term or geographic name as entry element | Judicial independence |
| Geographic subdivision | Pakistan. |
| 650 #0 - SUBJECT ADDED ENTRY--TOPICAL TERM | |
| Topical term or geographic name as entry element | Separation of powers |
| Geographic subdivision | Pakistan. |
| 650 #0 - SUBJECT ADDED ENTRY--TOPICAL TERM | |
| Topical term or geographic name as entry element | Justice, Administration of |
| Geographic subdivision | Pakistan. |
| 856 41 - ELECTRONIC LOCATION AND ACCESS | |
| Materials specified | Table of contents only |
| Uniform Resource Identifier | <a href="http://www.loc.gov/catdir/toc/fy12pdf02/2011329076.html">http://www.loc.gov/catdir/toc/fy12pdf02/2011329076.html</a> |
| 906 ## - LOCAL DATA ELEMENT F, LDF (RLIN) | |
| a | 7 |
| b | cbc |
| c | origode |
| d | 2 |
| e | ncip |
| f | 20 |
| g | y-gencatlg |
| 942 ## - ADDED ENTRY ELEMENTS (KOHA) | |
| Source of classification or shelving scheme | Library of Congress Classification |
| Koha item type | Books |
| Home library | Current library | Date acquired | Full call number | Barcode | Koha item type |
|---|---|---|---|---|---|
| African Court on Human and Peoples' Rights Library | African Court on Human and Peoples' Rights Library | 11/11/2025 | KPL3498 .H373 2013 | 10038841 | Books |
